| 000 | 00426nam a2200157Ia 4500 | ||
|---|---|---|---|
| 005 | 20250613035055.0 | ||
| 008 | 240331s9999 xx 000 0 und d | ||
| 020 | _a9559668005 | ||
| 082 |
_bGUN _a306 |
||
| 100 | _aGunarathna, D.K | ||
| 245 | 0 | _aPruthuvikaranaya saha hejamaniye nawa swarupaya | |
| 260 |
_aPanadura _bX Group _c1999 |
||
| 300 | _a132 p ., | ||
| 500 | _aA book on Globalization : forms of Hegemony | ||
| 942 | _cL | ||
| 999 |
_c2092 _d2092 |
||